La linea del colore : il grand tour di Lafanu Brown /

Saved in:
Bibliografiske detaljer
Hovedforfatter: Scego, Igiaba (Author)
Andre forfattere: Bianchi, Rino (Photographer)
Format: Bog
Sprog:italiensk
Udgivet: Firenze ; Milano : Milano : Giunti ; Bompiani, 2020
Serier:Narratori italiani
Romanzo Bompiani
Tags: Tilføj Tag
Ingen Tags, Vær først til at tagge denne postø!

MARC

LEADER 00000nam a22000007i 4500
001 IT\ICCU\RMB\0805405
003 ItRI
005 20260115232054.0
008 200212s2020 it |||||| |||||1|||||c
020 |a 9788830101418 (3. ed. luglio 2020) 
040 |b ita  |c importazione bologna sebina 
041 7 |a ita  |2 ISO-639-2 
082 |a 853.92  |9 NARRATIVA ITALIANA, 2000-  |2 23 
100 1 |a Scego, Igiaba  |0 IT\ICCU\LO1V\263653  |4 aut 
240 1 3 |a La linea del colore  |3 IT\ICCU\RMB\0805406  |9 Scego, Igiaba 
245 1 3 |a La linea del colore :  |b il grand tour di Lafanu Brown /  |c Igiaba Scego. 
260 |a Firenze ;  |a Milano :  |b Giunti ;  |a Milano :  |b Bompiani,  |c 2020 
300 |a 367 p., [11] p. di tav. :  |b ill. ;  |c 21 cm 
500 |a In appendice: Noi nella pietra / fotografie di Rino Bianchi 
700 1 |a Bianchi, Rino  |0 IT\ICCU\TO0V\168346  |4 pht 
830 0 |a Narratori italiani  |0 IT\ICCU\RAV\1508013 
830 0 |a Romanzo Bompiani  |0 IT\ICCU\CFI\0510895 
942 |2 ddc  |c BK  |n 0 
952 |0 0  |1 0  |4 0  |6 L_853_920000000000000_SCE  |7 0  |9 19546  |a BO  |b BO  |d 2026-01-15  |i 19467  |l 0  |o L 853.92 SCE  |p BO19467  |r 2026-01-15 23:20:54  |w 2026-01-15  |x [Sebina 5] [1 v.]  |y BK  |z 1 v. 
999 |c 16652  |d 16652